British and Irish Lions Squad 2021 - Statistics

General Stats
  • This quiz has been taken 123 times
  • The average score is 33 of 43
Answer Stats
Call up Position Club Nation Player % Correct
Second Row Ospreys Wales Alun Wyn Jones
99%
Prop Scarlets Wales Wyn Jones
98%
Hooker Saracens England Jamie George
96%
Fly Half Saracens England Owen Farrell
95%
Fly Half Northampton Saints Wales Dan Biggar
94%
Fly Half Racing 92 Scotland Finn Russell
93%
Fly Half Harlequins England Marcus Smith
93%
Second Row Saracens England Maro Itoje
91%
Prop Leinster Ireland Tadgh Furlong
91%
Hooker Exeter Chiefs England Luke Cowan-Dickie
90%
Centre Connacht Ireland Bundee Aki
88%
Full Back Scarlets Wales Liam Williams
86%
Back Row Sale Sharks England Tom Curry
86%
Second Row Northampton Saints England Courtney Lawes
85%
Scrum Half Munster Ireland Conor Murray
84%
Back Row Edinburgh Scotland Hamish Watson
83%
Full Back Exeter Chiefs Scotland Stuart Hogg
83%
Winger Bath England Anthony Watson
81%
Winger Gloucester Wales Louis Rees-Zammit
79%
Second Row Munster Ireland Tadgh Beirne
79%
Prop Glasgow Warriors Scotland Zander Fagerson
79%
Prop Saracens England Mako Vunipola
78%
Winger Worcester Scotland Duhan van der Merwe
77%
Centre Leinster Ireland Robbie Henshaw
77%
Hooker Scarlets Wales Ken Owens
75%
Prop Bristol Bears England Kyle Sinckler
75%
Winger Cardiff Blues Wales Josh Adams
74%
Manager New Zealand Warren Gatland
73%
Winger Saracens England Elliot Daly
70%
Scrum Half Scarlets Wales Gareth Davies
70%
Centre Scarlets Wales Jonathon Davies
70%
Hooker Leinster Ireland Ronan Kelleher
69%
Scrum Half Glasgow Warriors Scotland Ali Price
68%
Second Row Ulster Ireland Ian Henderson
68%
Back Row Leinster Ireland Jack Conan
68%
Second Row Exeter Chiefs England Johnny Hill
68%
Second Row Ospreys Wales Adam Beard
65%
Back Row Ospreys Wales Justin Tipuric
63%
Centre Gloucester Scotland Chris Harris
62%
Back Row Exeter Chiefs England Sam Simmonds
62%
Back Row Bristol Bears Wales Talupe Faletau
59%
Prop Worcester Scotland Rory Sutherland
58%
Back Row Cardiff Blues Wales Josh Navidi
43%
No matching quizzes found
Score Distribution
Percent of People with Each Score
Percentile by Number Answered
Your Score History
You have not taken this quiz